| 000 | 00381nam a2200145Ia 4500 | ||
|---|---|---|---|
| 008 | 210210b1968 xxu||||| |||| 00| 0 eng d | ||
| 082 | _a531 SHAT | ||
| 100 | _aSHARMA (L P) & SAXENA (H C). | ||
| 245 | _aText book of mechanics and wave motion. | ||
| 260 |
_aN D _bS. Chand & Co. Ltd. _c1968 |
||
| 300 | _aiv,403 | ||
| 650 | _aMechanics | ||
| 690 | _aMechanics | ||
| 906 | _aSG00243 | ||
| 999 |
_c111960 _d111960 |
||